| 000 | 00750nam a2200241 i 4500 | ||
|---|---|---|---|
| 001 | 59966 | ||
| 003 | ES-MaACL | ||
| 005 | 20250827062605.0 | ||
| 007 | t| | ||
| 008 | 031031s1985 sp ||||1| spa d | ||
| 020 | _a84-309-1219-2 | ||
| 110 | 1 |
_aEspaña _93622 |
|
| 240 | 0 | _aLey Orgánica del poder judicial, 1985 | |
| 245 | 1 | 0 |
_aLey orgánica del poder judicial / _cedición preparada por Víctor Moreno Catena. |
| 260 |
_aMadrid : _bTecnos, _c[1985] |
||
| 300 |
_a309 p. ; _c17 cm. |
||
| 490 | 1 | _aBiblioteca de textos legales | |
| 700 | 1 |
_aMoreno Catena, Víctor. _983346 |
|
| 740 | 0 | _aLey del poder judicial, 1985. | |
| 830 | 0 |
_aBiblioteca de textos legales _9177271 |
|
| 852 |
_aES-MaACL _jC-40836 _bR.110924 |
||
| 999 |
_c59966 _d59966 |
||